Baby Names: 'W' Boy Names by Decade Quiz Stats

Quiz Updated Apr 14, 2017

Challenge
Share
Tweet
Embed
Score 0/97 Timer 08:00
19 Plays Today
Decade Names % Correct
1880sWilliam
98%
1890sWilliam
98%
1900sWilliam
98%
1910sWilliam
98%
1920sWilliam
98%
1930sWilliam
98%
1940sWilliam
98%
1950sWilliam
98%
1960sWilliam
98%
1970sWilliam
98%
1980sWilliam
98%
1990sWilliam
98%
2000sWilliam
98%
1880sWill
97.2%
1890sWill
97.2%
1900sWill
97.2%
1880sWalter
78.8%
1900sWalter
78.8%
1910sWalter
78.8%
1920sWalter
78.8%
1940sWalter
78.8%
1950sWalter
78.8%
1890sWalter
78.8%
1930sWalter
78.8%
1960sWalter
78.8%
1970sWalter
78.8%
1980sWalter
78.8%
1880sWillie
58%
1890sWillie
58%
1900sWillie
58%
1910sWillie
58%
1920sWillie
58%
1930sWillie
58%
Decade Names % Correct
1940sWillie
58%
1950sWillie
58%
1960sWillie
58%
1970sWillie
58%
1980sWillie
58%
1880sWesley
56.6%
1890sWesley
56.6%
1900sWesley
56.5%
1910sWesley
56.6%
1920sWesley
56.6%
1930sWesley
56.6%
1940sWesley
56.6%
1950sWesley
56.5%
1960sWesley
56.5%
1970sWesley
56.5%
1980sWesley
56.5%
1990sWesley
56.5%
2000sWesley
56.5%
1880sWarren
56.5%
1890sWarren
56.5%
1900sWarren
56.5%
1910sWarren
56.5%
1920sWarren
56.5%
1930sWarren
56.5%
1940sWarren
56.5%
1950sWarren
56.5%
1960sWarren
56.5%
1910sWayne
52.2%
1920sWayne
52.2%
1930sWayne
52.2%
1940sWayne
52.2%
1950sWayne
52.2%
1960sWayne
52.2%
Decade Names % Correct
1970sWayne
52.2%
1980sWayne
52.2%
1880sWallace
46.3%
1890sWallace
46.3%
1900sWallace
46.3%
1910sWallace
46.3%
1920sWallace
46.3%
1930sWallace
46.3%
1940sWallace
46.3%
1990sWyatt
41.3%
2000sWyatt
41.3%
1880sWilbur
39.5%
1890sWilbur
39.4%
1900sWilbur
39.4%
1910sWilbur
39.4%
1920sWilbur
39.4%
1930sWilbur
39.4%
1940sWendell
29.5%
1880sWillis
24.7%
1900sWillis
24.7%
1920sWillis
24.7%
1930sWillis
24.7%
1890sWillis
24.7%
1910sWoodrow
24.4%
1880sWillard
19.9%
1890sWillard
19.9%
1900sWillard
19.9%
1910sWillard
19.9%
1920sWillard
19.9%
1930sWillard
19.9%
1940sWillard
19.9%

You're not logged in!

Compare scores with friends on all Sporcle quizzes.
Join for Free
OR
Log In

You Might Also Like...

Show Comments

Extras

Top Quizzes Today


Score Distribution

Your Account Isn't Verified!

In order to create a playlist on Sporcle, you need to verify the email address you used during registration. Go to your Sporcle Settings to finish the process.

Report this User

Report this user for behavior that violates our Community Guidelines.

Details: